000 00930nam a22002177a 4500
005 20250822143945.0
010 _aHIN-129818
020 _a9789349162013
_c299.00
035 _aHN-102164
037 _bDBAD
082 _a
100 _aत्रिपाठी, सूर्यकान्त
_984268
245 _aनिराला की सम्पूर्ण कहानियाँ/
_cसूर्यकान्त त्रिपाठी
250 _aप्रथम
260 _aदिल्ली
_bराजपाल एण्ड सन्ज
_c2025
270 _a1590 मदरसा रोड कश्मीरी गेट दिल्ली
_bदिल्ली
_e110006
_k01123869812
_k01123865483
_k01123867791
_msales@rajpalpublishing.com
300 _a236पृ.;
_c22सेमी (अजिल्द)
700 _984244
710 _959840
942 _2ddc
_cHN
_h
_mत्रिपाठी
999 _c213118
_d213118